000 00822nam a2200181Ia 4500
008 100921s9999 xx 000 0 und d
082 _b42035
_a920.02 न 07
100 _aमहाम्बरे गंगाधर.
245 _aमाणसं मनातली जनातली.
260 _bश्रद्धा प्रकाशन,जळगांव.
_c2007
300 _a104
_bमयुरेष बुक एजन्सी,कराड
365 _b100
520 _aचरित्र- संग्रह,व्यिक्तचित्रे.
630 _aमाणसं मनातली जनातली.
650 _aचरित्र- संग्रह,व्यिक्तचित्रे.
730 _aमाणसं मनातली जनातली.
942 _cBOOK
999 _c791148
_d791145